Proceedings of the International Conference on Dublin Core and Metadata for e-Communities (Record no. 21637)
[ view plain ]
| 000 -LEADER | |
|---|---|
| fixed length control field | 00541nam a2200121Ia 4500 |
| 008 - FIXED-LENGTH DATA ELEMENTS--GENERAL INFORMATION | |
| fixed length control field | 220620s9999||||xx |||||||||||||| ||und|| |
| 100 ## - MAIN ENTRY--PERSONAL NAME | |
| Personal name | AA.VV, Various Authors |
| 245 #0 - TITLE STATEMENT | |
| Title | Proceedings of the International Conference on Dublin Core and Metadata for e-Communities |
| 546 ## - LANGUAGE NOTE | |
| Language note | English[eng] |
| 650 ## - SUBJECT ADDED ENTRY--TOPICAL TERM | |
| Topical term or geographic name entry element | atti||metadata||e-communities||biblioteca||library||proceedings||dublin core||Resource Description Framework||Web resource||XML||XML schema |
| 856 ## - ELECTRONIC LOCATION AND ACCESS | |
| Uniform Resource Identifier | <a href="https://library.oapen.org/bitstream/20.500.12657/34895/1/345123.pdf">https://library.oapen.org/bitstream/20.500.12657/34895/1/345123.pdf</a> |
| 942 ## - ADDED ENTRY ELEMENTS (KOHA) | |
| Koha item type | E-Books |
| Withdrawn status | Lost status | Damaged status | Not for loan | Home library | Current library | Date acquired | Total Checkouts | Date last seen | Price effective from | Koha item type |
|---|---|---|---|---|---|---|---|---|---|---|
| Kerala University of Digital Sciences, Innovation and Technology Knowledge Centre | Kerala University of Digital Sciences, Innovation and Technology Knowledge Centre | 20/06/2022 | 20/06/2022 | 20/06/2022 | E-Books |